[Event "51st World Juniors"]
[Site "Athens GRE"]
[Date "2012.08.02"]
[Round "1.25"]
[White "Urkedal, Frode"]
[Black "Koutoukidis, Panagiotis"]
[Result "1-0"]
[WhiteTitle "IM"]
[WhiteElo "2473"]
[BlackElo "2167"]
[WhiteFideId "1506102"]
[BlackFideId "4244702"]
[EventDate "2012.08.02"]

1. d4 Nf6 2. c4 e6 3. Nc3 Bb4 4. Nf3 c5 5. g3 Bxc3+ 6. bxc3 Qa5 7. Qd3 b6 8. Bg2
Bb7 9. O-O Be4 10. Qe3 d6 11. Qf4 Qxc3 12. Be3 O-O 13. Qxd6 Na6 14. Rfc1 Qa3 15.
Bg5 Rad8 16. Qf4 Bxf3 17. Bxf6 gxf6 18. Bxf3 cxd4 19. Qxf6 Qd6 20. Qg5+ Kh8 21.
Qf6+ Kg8 22. Be4 Nc5 23. Qg5+ Kh8 24. Qf6+ Kg8 25. Bc2 Rfe8 26. Qg5+ Kh8 27.
Qf6+ Kg8 28. Qg5+ Kh8 29. Qh4 f5 30. Rd1 Qe5 31. Kf1 Rd7 32. a4 a5 33. Rab1 Rd6
34. Rb5 Qg7 35. Rdb1 Qc7 36. Qf6+ Kg8 37. Qg5+ Kh8 38. Qf4 Rc8 39. h3 Nd7 40.
Rd1 Rf8 41. Kg2 Rc6 42. Qxd4+ Nf6 43. Bd3 Kg7 44. Rdb1 Rb8 45. Qe3 Nd7 46. Qg5+
Kh8 47. Qe7 Rc8 48. g4 Rg8 49. Kh1 Qb7 50. f3 Qc7 51. Rg1 Rg7 52. Qh4 Ne5 53.
gxf5 Rxg1+ 54. Kxg1 exf5 55. Bxf5 Qg7+ 56. Kf2 Rd6 57. Rxe5 1-0

[Event "51st World Juniors"]
[Site "Athens GRE"]
[Date "2012.08.02"]
[Round "1.26"]
[White "Jefic, Srdjan"]
[Black "Hansen, Eric"]
[Result "0-1"]
[BlackTitle "IM"]
[WhiteElo "2165"]
[BlackElo "2472"]
[WhiteFideId "14403080"]
[BlackFideId "2606771"]
[EventDate "2012.08.02"]

1. e4 c5 2. Nf3 e6 3. d4 cxd4 4. Nxd4 a6 5. Bd3 Bc5 6. Nb3 Be7 7. Qg4 g6 8. Qe2
d6 9. O-O Nd7 10. Na3 Qc7 11. Be3 Ngf6 12. Nc4 O-O 13. a4 d5 14. Ncd2 dxe4 15.
Nxe4 Nxe4 16. Bxe4 Nf6 17. Bf3 e5 18. Bg5 Be6 19. Rfe1 e4 20. Bxf6 Bxf6 21. Qxe4
Bxb2 22. Rab1 Bf6 23. Qxb7 Qxc2 24. Rec1 Qa2 25. Nc5 Bf5 26. Bd5 Qa3 27. Nd7
Bxd7 28. Qxd7 Rad8 29. Qc6 Kg7 30. Rb3 Qe7 31. Rd1 Qe2 32. Rbd3 Rc8 33. Qxa6 Rc2
34. f4 Re8 35. h3 Qf2+ 36. Kh1 Rce2 37. Bb7 Re1+ 38. Rxe1 Rxe1+ 39. Kh2 Qxf4+
40. Rg3 Be5 0-1

[Event "51st World Juniors"]
[Site "Athens GRE"]
[Date "2012.08.02"]
[Round "1.27"]
[White "Pavlidis, Antonios"]
[Black "Larmuseau, Michiel"]
[Result "1-0"]
[WhiteTitle "IM"]
[WhiteElo "2466"]
[BlackElo "2154"]
[WhiteFideId "4212312"]
[BlackFideId "263214"]
[EventDate "2012.08.02"]

1. e4 e6 2. d4 d5 3. e5 c5 4. c3 Nc6 5. Nf3 Qb6 6. Bd3 Nh6 7. O-O cxd4 8. cxd4
Nf5 9. Bxf5 exf5 10. Nc3 Be6 11. a3 h6 12. Na4 Qb5 13. Ne1 Na5 14. Nc3 Qb3 15.
Nc2 Rc8 16. Qd3 g6 17. Nb4 a6 18. Rd1 Bxb4 19. axb4 Qxb4 20. Qf3 Nb3 21. Ra4 Qb6
22. Be3 Rd8 23. h4 Na5 24. Qe2 Nc4 25. Rxc4 dxc4 26. d5 Qc7 27. dxe6 Rxd1+ 28.
Qxd1 fxe6 29. Qd2 Rh7 30. Bxh6 Qxe5 31. Bf4 Qc5 32. Qe2 Kf7 33. Bg5 Rh8 34. Qd2
Qc7 35. Qd4 e5 36. Qd5+ Kg7 37. Qe6 Rf8 38. Nd5 Qf7 39. Qxe5+ 1-0

[Event "51st World Juniors"]
[Site "Athens GRE"]
[Date "2012.08.02"]
[Round "1.28"]
[White "Ladva, Ottomar"]
[Black "Andersen, Mads"]
[Result "1-0"]
[BlackTitle "IM"]
[WhiteElo "2153"]
[BlackElo "2464"]
[WhiteFideId "4500024"]
[BlackFideId "1413864"]
[EventDate "2012.08.02"]

1. e4 e5 2. Nf3 Nc6 3. Bb5 a6 4. Ba4 Nf6 5. O-O Be7 6. Re1 b5 7. Bb3 d6 8. c3
O-O 9. d4 Bg4 10. Be3 exd4 11. cxd4 d5 12. e5 Ne4 13. Nc3 Nxc3 14. bxc3 Na5 15.
Bc2 Nc4 16. Qd3 g6 17. Bh6 Re8 18. h3 Be6 19. g4 a5 20. Nd2 Na3 21. f4 Nxc2 22.
Qxc2 Qd7 23. Nf3 Ra6 24. Bg5 b4 25. Bxe7 Rxe7 26. Qc1 Rc6 27. f5 Bxf5 28. gxf5
Qxf5 29. Re3 Qxh3 30. Kf2 f6 31. exf6 Rxf6 32. Qh1 Qxh1 33. Rxh1 Re4 34. Rc1 Rc6
35. Rd3 Kg7 36. Ne5 Rf6+ 37. Rf3 Rxf3+ 38. Nxf3 bxc3 39. Rxc3 Kf6 40. Rc5 g5 41.
Rxd5 g4 42. Nd2 g3+ 43. Kxg3 Re2 44. Nf3 Rxa2 45. Rc5 a4 46. Kf4 a3 47. Rc6+ Ke7
48. Rxc7+ Kd6 49. Rxh7 Ra1 50. Ke4 a2 51. Rh6+ Kc7 52. Ra6 Kb7 53. Ra3 Kc7 54.
Ke3 Kc6 55. Ke2 Kd5 56. Ra4 Kc6 57. Ne1 Kb5 58. Nc2 Rh1 59. Rxa2 Kc4 60. Kd2
Rh2+ 61. Kc1 Kb3 62. Ra3+ Kc4 63. Kb2 Rd2 64. Rc3+ Kd5 65. Rc5+ Kd6 66. Kc3 Rd1
67. Rh5 Rc1 68. Kd3 Rd1+ 69. Ke4 Rc1 70. Ne3 Re1 71. Rh6+ Kd7 72. d5 Re2 73. Kd4
Rd2+ 74. Kc5 Rd3 75. Rh7+ Kd8 76. Nf5 Ra3 77. Kd6 Ra6+ 78. Ke5 Rg6 79. Rh6 Rg1
80. Kd6 Rg8 81. Kc6 Rf8 82. Nd4 Kc8 83. d6 Rd8 84. Ne6 1-0

[Event "51st World Juniors"]
[Site "Athens GRE"]
[Date "2012.08.02"]
[Round "1.29"]
[White "Antipov, Mikhail Al."]
[Black "Ashiku, Franc"]
[Result "1-0"]
[WhiteTitle "IM"]
[WhiteElo "2462"]
[BlackElo "2152"]
[WhiteFideId "4107012"]
[BlackFideId "4700066"]
[EventDate "2012.08.02"]

1. e4 c5 2. Nf3 d6 3. d4 cxd4 4. Nxd4 Nf6 5. Nc3 a6 6. h3 e6 7. g4 b5 8. Bg2 Bb7
9. O-O Qc7 10. Re1 Be7 11. g5 Nfd7 12. f4 Nc6 13. Nf5 exf5 14. Nd5 Qd8 15. exf5
O-O 16. Nxe7+ Nxe7 17. Bxb7 Qb6+ 18. Kh2 Qf2+ 19. Bg2 Nxf5 20. Rf1 Qg3+ 21. Kg1
Nh4 22. Qg4 Qxg2+ 23. Qxg2 Nxg2 24. Kxg2 Rac8 25. c3 Rfe8 26. Kf3 Nb6 27. Rd1
Rc6 28. Rb1 Nc4 29. b3 Nb6 30. Bb2 d5 31. Rd3 f5 32. Rbd1 Re4 33. h4 Kf7 34. h5
Ke6 35. Re3 a5 36. Rg1 Rc7 37. g6 h6 38. Rd1 Nc8 39. Red3 Rd7 40. Ba3 Na7 41.
Bf8 Nc6 42. Bxg7 Rxg7 43. Rxd5 Kf6 44. Rxb5 Rge7 45. Rd6+ R4e6 46. Rxe6+ Rxe6
47. Rc5 Rd6 48. Ke3 Ne7 49. c4 Nc6 50. Rd5 Re6+ 51. Kf3 Re7 52. a3 Ke6 53. Ke3
Rb7 54. Rb5 Rxb5 55. cxb5 Ne7 56. Kd4 Kd6 57. g7 Ng8 58. b6 Ne7 59. b7 1-0

[Event "51st World Juniors"]
[Site "Athens GRE"]
[Date "2012.08.02"]
[Round "1.30"]
[White "Nadirashvili, Shalva"]
[Black "Mihok, Oliver"]
[Result "1/2-1/2"]
[BlackTitle "IM"]
[WhiteElo "2151"]
[BlackElo "2456"]
[WhiteFideId "13601512"]
[BlackFideId "728012"]
[EventDate "2012.08.02"]

1. d4 d5 2. c4 c6 3. Nf3 Nf6 4. e3 Bf5 5. Nc3 e6 6. Nh4 Be4 7. f3 Bg6 8. Qb3 Qc7
9. g3 Be7 10. Nxg6 hxg6 11. Kf2 a6 12. Bd2 dxc4 13. Bxc4 Nbd7 14. Rac1 b5 15.
Be2 c5 16. a4 b4 17. Ne4 Nxe4+ 18. fxe4 Qb6 19. Kg2 O-O 20. Rhd1 Rfd8 21. Be1
Rab8 22. d5 Ne5 23. g4 c4 24. Bxc4 Nxg4 25. Bf2 exd5 26. Rxd5 Nxf2 27. Kxf2 Qf6+
28. Ke2 Kh7 29. Rf1 Qh4 30. Rxf7 Qxe4 31. Rf3 Qg4 32. h3 Qg2+ 33. Rf2 Qxh3 34.
Bd3 Rf8 35. Rxf8 Rxf8 36. Kd2 Rf2+ 37. Kc1 Qxe3+ 38. Kb1 Qe1+ 39. Ka2 Rh2 40.
Bc2 Bf6 41. Rd3 Qf1 42. Rg3 Qc1 43. Rh3+ Rxh3 44. Qxh3+ Qh6 45. Qg4 a5 46. Kb3
Qe3+ 47. Kc4 Qe5 48. Bxg6+ Kh6 49. Bf5 g5 50. Qh3+ Kg7 51. b3 Qd4+ 52. Kb5 Qd5+
53. Ka6 Qa8+ 54. Kb5 Qb7+ 55. Kc4 Qc6+ 56. Kd3 Qc3+ 57. Ke2 Qb2+ 58. Kf1 Qc1+
59. Kg2 Qd2+ 60. Kf1 Bd4 61. Qh7+ Kf8 62. Qh6+ Bg7 63. Qe6 Qd1+ 1/2-1/2

[Event "51st World Juniors"]
[Site "Athens GRE"]
[Date "2012.08.02"]
[Round "1.31"]
[White "Baron, Tal"]
[Black "Naoum, Spyridon"]
[Result "1-0"]
[WhiteTitle "GM"]
[WhiteElo "2451"]
[BlackElo "2146"]
[WhiteFideId "2809958"]
[BlackFideId "4227506"]
[EventDate "2012.08.02"]

1. d4 d5 2. c4 Nf6 3. cxd5 g6 4. Qa4+ c6 5. dxc6 Nxc6 6. Nf3 Bg4 7. e3 Bxf3 8.
gxf3 Bg7 9. Nc3 O-O 10. f4 Qd7 11. Bd2 a6 12. Bg2 b5 13. Qd1 Rad8 14. O-O e6 15.
Qe2 h6 16. Rfc1 Ne7 17. a4 b4 18. Ne4 Nxe4 19. Bxe4 a5 20. Rc5 f5 21. Bg2 g5 22.
fxg5 hxg5 23. Rxa5 Rb8 24. Rb5 Ng6 25. Bxb4 Rfc8 26. Bc5 Kf7 27. Rxb8 Rxb8 28.
a5 Nh4 29. Bh1 g4 30. a6 Qc7 31. a7 Rh8 32. h3 Nf3+ 33. Bxf3 Rxh3 34. Bg2 Qh2+
35. Kf1 1-0

[Event "51st World Juniors"]
[Site "Athens GRE"]
[Date "2012.08.02"]
[Round "1.32"]
[White "Zulfic, Fedja"]
[Black "Bajarani, Ulvi"]
[Result "1/2-1/2"]
[BlackTitle "IM"]
[WhiteElo "2135"]
[BlackElo "2446"]
[WhiteFideId "3208427"]
[BlackFideId "13403028"]
[EventDate "2012.08.02"]

1. e4 c5 2. Nf3 d6 3. d4 cxd4 4. Nxd4 Nf6 5. Nc3 a6 6. Bg5 e6 7. f4 Qb6 8. Qd3
Qxb2 9. Rb1 Qa3 10. f5 b5 11. Be2 Qc5 12. Be3 Qc7 13. fxe6 Bxe6 14. Nxe6 fxe6
15. O-O Nbd7 16. a4 Rc8 17. Bd2 Nc5 18. Qd4 bxa4 19. Nxa4 Ncxe4 20. Bxa6 Nxd2
21. Rb7 Nxf1 22. Rxc7 Rxc7 23. c4 Be7 24. Qb6 Bd8 25. Qxd6 Ne3 26. Nc5 Kf7 27.
Qxe6+ Kg6 28. Qxe3 Re8 29. Ne6 Kf7 30. Nxd8+ Rxd8 31. h3 Re7 32. Qf3 h5 33. c5
Re1+ 34. Kh2 Rdd1 35. Bc4+ Ke7 36. Qb7+ Nd7 37. c6 h4 38. Qxd7+ Rxd7 39. cxd7 g5
40. Bb5 Kd8 41. Bc6 Rc1 42. Bb5 Kc7 43. Ba4 Rc4 44. Bb5 Rb4 45. Bc6 Rd4 46. Bb5
Kb6 47. Ba4 Kc7 48. Bb5 Rd1 49. Ba4 Rb1 50. Bc2 Rb5 51. Ba4 Ra5 52. Bc6 Ra1 53.
Bb5 Kd8 54. Bc6 Ke7 55. Bb5 Rd1 56. Ba4 Rf1 57. Bb5 Rf8 58. Ba4 Kd6 59. Kg1 Kc5
60. Bd1 Rd8 61. Bg4 Kd4 62. Kf2 Ke4 63. Kg1 Ke3 64. Kh2 Kf4 65. Be6 Ke5 66. Bg4
Kd6 67. Bf5 Ke7 68. Bg4 Rf8 69. Kg1 Rf4 70. Be6 Rd4 71. Bf5 Kf6 72. Bg4 Ke5 73.
Kh2 Kf4 74. Be6 Ke3 75. Bg4 Kf2 76. Be6 Rd2 77. Bg4 Kf1 78. Kh1 Kf2 79. Kh2 Ke3
80. Be6 Kf4 81. Bg4 Ke5 82. Kg1 Kf6 83. Kh2 Ke7 84. Bf5 Rd5 85. Bg4 Rd4 86. Bf5 1/2-1/2

[Event "51st World Juniors"]
[Site "Athens GRE"]
[Date "2012.08.02"]
[Round "1.33"]
[White "Debashis, Das"]
[Black "Liodakis, Konstantinos-Spyros"]
[Result "1-0"]
[WhiteTitle "IM"]
[WhiteElo "2446"]
[BlackElo "2130"]
[WhiteFideId "5024854"]
[BlackFideId "4217136"]
[EventDate "2012.08.02"]

1. d4 e6 2. c4 Bb4+ 3. Bd2 a5 4. Nf3 Nf6 5. Nc3 O-O 6. Qc2 d6 7. a3 Bxc3 8. Bxc3
Nc6 9. e4 Nd7 10. e5 dxe5 11. dxe5 b6 12. Bd3 h6 13. Qe2 Nc5 14. Bc2 Bb7 15. O-O
a4 16. Rad1 Qe7 17. Bb1 Na5 18. Rd4 Nab3 19. Rg4 h5 20. Rg3 Rfd8 21. Qe3 Kf8 22.
Ng5 Ke8 23. Nh7 Kd7 24. Rxg7 Kc8 25. Qf4 Qd7 26. Rxf7 Qc6 27. f3 Kb8 28. Nf6 Ka7
29. Nxh5 Nd3 30. Qe3 Qxc4 31. Nf4 Nxf4 32. Rxf4 Qa6 33. Bc2 Bd5 34. h4 Rd7 35.
Bd3 1-0

[Event "51st World Juniors"]
[Site "Athens GRE"]
[Date "2012.08.02"]
[Round "1.34"]
[White "Lapidus, Mark"]
[Black "Schreiner, Peter"]
[Result "0-1"]
[BlackTitle "FM"]
[WhiteElo "2129"]
[BlackElo "2444"]
[WhiteFideId "4502299"]
[BlackFideId "1621645"]
[EventDate "2012.08.02"]

1. Nf3 Nf6 2. g3 g6 3. Bg2 Bg7 4. c4 d5 5. d4 O-O 6. O-O dxc4 7. Ne5 Nfd7 8.
Nxc4 Nb6 9. Nxb6 axb6 10. Qc2 Nc6 11. d5 Nd4 12. Qd3 Bf5 13. e4 Bd7 14. Nc3 Nb3
15. Rb1 Nxc1 16. Rbxc1 e6 17. Rfd1 exd5 18. Nxd5 c6 19. Ne3 Be6 20. Qe2 Qe7 21.
b3 b5 22. Bf3 Qa3 23. Rc2 Rfe8 24. Ng2 f5 25. Qd3 fxe4 26. Bxe4 Bf7 27. h4 Qe7
28. Re2 Rad8 29. Qc2 Rxd1+ 30. Qxd1 Rd8 31. Qc2 Qd6 32. Ne3 Bd4 33. Rd2 Kg7 34.
Kg2 Qe7 35. Bf3 Bb6 36. Ng4 Bd4 37. Re2 Qc5 38. Qd2 h5 39. Ne5 Bd5 40. Bxd5
Qxd5+ 41. Nf3 Bf6 42. Qf4 Qd6 43. Qe4 Qd3 44. Qe6 Rd6 45. Qe8 Rd8 46. Qe6 Qd5
47. Qe3 c5 48. Kh2 Qd3 49. Qxd3 Rxd3 50. Nd2 b4 51. Ne4 Rd5 52. Kg2 b5 53. Rc2
Bd4 54. f3 Kf7 55. Ng5+ Ke7 56. Kf1 Kd7 57. Ke2 Kc6 58. Nh3 Re5+ 59. Kf1 Re3 60.
Kg2 Rc3 61. Re2 Be3 62. g4 c4 63. gxh5 gxh5 64. bxc4 bxc4 65. Kg3 Kd5 66. Ng5
Rd3 67. Ne4 c3 68. Rc2 Rd2 69. Nxc3+ bxc3 70. Rxc3 Bf2+ 71. Kh3 Bc5 72. f4 Bd6
73. Kg3 Ke4 74. Rc4+ Kf5 75. a4 Rd3+ 76. Kf2 Bxf4 0-1

[Event "51st World Juniors"]
[Site "Athens GRE"]
[Date "2012.08.02"]
[Round "1.35"]
[White "Gao, Rui"]
[Black "Jones, William E G"]
[Result "1-0"]
[WhiteTitle "IM"]
[WhiteElo "2442"]
[BlackElo "2127"]
[WhiteFideId "8602387"]
[BlackFideId "470554"]
[EventDate "2012.08.02"]

1. Nf3 Nf6 2. c4 g6 3. b3 Bg7 4. Bb2 O-O 5. g3 d6 6. Bg2 e5 7. O-O Nbd7 8. Nc3
Re8 9. d3 c6 10. Qc2 a5 11. a3 Qc7 12. Rac1 Nh5 13. b4 Nf8 14. b5 f5 15. e3 Ne6
16. Nd2 Bd7 17. a4 Nf6 18. Ba3 Bh6 19. Rfe1 Red8 20. Qb1 Be8 21. Bb2 Qb6 22.
Rcd1 Bf7 23. Ba1 Qc7 24. Ne2 Bg7 25. Rc1 Nd7 26. Qc2 Nb6 27. bxc6 bxc6 28. d4 e4
29. f3 Bh6 30. fxe4 Bxe3+ 31. Kh1 fxe4 32. d5 cxd5 33. Qb2 d4 34. Nxe4 Rab8 35.
Qc2 Rdc8 36. Nf6+ Kg7 37. Ng4 Bxc1 38. Nxd4 Nxd4 39. Bxd4+ Kg8 40. Nf6+ Kf8 41.
Nxh7+ Kg8 42. Nf6+ Kf8 43. Qxc1 1-0

[Event "51st World Juniors"]
[Site "Athens GRE"]
[Date "2012.08.02"]
[Round "1.36"]
[White "Papasimakopoulos, Alexandros"]
[Black "Krysa, Leandro"]
[Result "1/2-1/2"]
[BlackTitle "IM"]
[WhiteElo "2126"]
[BlackElo "2438"]
[WhiteFideId "4244125"]
[BlackFideId "116807"]
[EventDate "2012.08.02"]

1. d4 Nf6 2. c4 e6 3. Nc3 Bb4 4. Qc2 O-O 5. a3 Bxc3+ 6. Qxc3 d6 7. f3 c5 8. dxc5
dxc5 9. Bf4 Nc6 10. e3 e5 11. Bxe5 Nxe5 12. Qxe5 Re8 13. Qc3 Bf5 14. Ne2 Qe7 15.
Kf2 Rad8 16. Ng3 Bg6 17. Re1 Nd7 18. Be2 Ne5 19. f4 Nd3+ 20. Bxd3 Rxd3 21. Qc1
f6 22. Re2 Red8 23. e4 Qd7 24. Rhe1 Qd4+ 25. Re3 Rd2+ 26. Re2 Rd1 27. Qc3 Bf7
28. b3 Be6 29. h3 a6 30. Re1 Rd2+ 31. Re2 Rd1 32. Re1 Qd2+ 33. Qxd2 R8xd2+ 34.
R3e2 b5 35. Rxd1 Rxd1 36. cxb5 axb5 37. Rc2 b4 38. axb4 cxb4 39. f5 Bxb3 40. Rb2
Rd3 41. Ne2 1/2-1/2

[Event "51st World Juniors"]
[Site "Athens GRE"]
[Date "2012.08.02"]
[Round "1.37"]
[White "Barbosa, Evandro Amorim"]
[Black "Yurtseven, Melih"]
[Result "1-0"]
[WhiteTitle "IM"]
[WhiteElo "2436"]
[BlackElo "2126"]
[WhiteFideId "2115824"]
[BlackFideId "6312160"]
[EventDate "2012.08.02"]

1. e4 e5 2. Nf3 Nc6 3. Bb5 a6 4. Ba4 Nf6 5. d3 b5 6. Bb3 Bc5 7. O-O d6 8. a4 Rb8
9. h3 Be6 10. c3 Qd7 11. axb5 axb5 12. Bc2 Bxh3 13. gxh3 Qxh3 14. Nh2 h5 15. Qf3
Qh4 16. Kg2 Ng4 17. Qg3 Qf6 18. Nxg4 hxg4 19. Qxg4 Ne7 20. Na3 Rh4 21. Qg3 Rh5
22. Bd1 Rh7 23. Bg5 Qe6 24. Bg4 f5 25. exf5 Nxf5 26. Qf3 g6 27. Rh1 Rf7 28. Rh8+
Rf8 29. Qc6+ 1-0

[Event "51st World Juniors"]
[Site "Athens GRE"]
[Date "2012.08.02"]
[Round "1.38"]
[White "Arat, Ufuk Sezen"]
[Black "Zhou, Yang-Fan"]
[Result "1/2-1/2"]
[BlackTitle "IM"]
[WhiteElo "2124"]
[BlackElo "2430"]
[WhiteFideId "6309089"]
[BlackFideId "468584"]
[EventDate "2012.08.02"]

1. c4 Nf6 2. g3 g6 3. Bg2 Bg7 4. Nc3 O-O 5. e4 d6 6. Nge2 e5 7. O-O a6 8. d3 Bd7
9. f4 b5 10. h3 b4 11. Nb1 a5 12. Be3 Na6 13. Nd2 Re8 14. Nf3 exf4 15. Nxf4 Bc6
16. Bd4 Bb7 17. Nd5 Bxd5 18. cxd5 Nc5 19. Qc2 Nh5 20. Bxg7 Kxg7 21. Kh2 a4 22.
Rae1 Kg8 23. e5 f5 24. exf6 Qxf6 25. d4 b3 26. axb3 axb3 27. Qb1 Na4 28. Qc1
Rxe1 29. Rxe1 Ng7 30. Qc6 Qd8 31. Ra1 Nb6 32. Rxa8 Nxa8 33. Qb5 Nb6 34. Qxb3 Nf5
35. g4 Nh4 36. Nxh4 Qxh4 37. Qe3 Qf6 38. g5 Qf7 39. Qe4 Kf8 40. b3 Nc8 41. Qf3
Na7 42. Qxf7+ Kxf7 43. Bf1 Nc8 44. Bd3 Kg7 45. Kg3 h6 46. h4 hxg5 47. hxg5 Nb6
48. Be4 Nd7 49. Bd3 Nb6 50. Bc4 Nd7 51. Bb5 Nf8 52. Be8 Nh7 53. Kg4 Nf8 54. b4
Nh7 55. Kf4 Nf8 56. Bc6 Kf7 57. Bb7 Nh7 58. Bc8 Kg7 59. Be6 Kf8 60. Bg4 Kf7 1/2-1/2

[Event "51st World Juniors"]
[Site "Athens GRE"]
[Date "2012.08.02"]
[Round "1.39"]
[White "Valsecchi, Alessio"]
[Black "Torkkola, Henri"]
[Result "1-0"]
[WhiteTitle "IM"]
[WhiteElo "2427"]
[BlackElo "2123"]
[WhiteFideId "818860"]
[BlackFideId "507660"]
[EventDate "2012.08.02"]

1. c4 c6 2. Nf3 Nf6 3. d4 d5 4. Nbd2 e6 5. g3 Nbd7 6. Bg2 b6 7. O-O Bb7 8. Qc2
Be7 9. Rd1 O-O 10. e4 Rc8 11. b3 Qc7 12. e5 Ne8 13. h4 dxc4 14. bxc4 c5 15. Ba3
b5 16. cxb5 Qa5 17. Nc4 Qxb5 18. Rab1 Be4 19. Rxb5 Bxc2 20. Rd2 Be4 21. dxc5
Nxc5 22. Nd6 Bxd6 23. exd6 Nd7 24. Ne5 Bxg2 25. Nxd7 Rc3 26. Kxg2 1-0

[Event "51st World Juniors"]
[Site "Athens GRE"]
[Date "2012.08.02"]
[Round "1.40"]
[White "Capone, Nicola"]
[Black "Bluebaum, Matthias"]
[Result "1/2-1/2"]
[BlackTitle "IM"]
[WhiteElo "2120"]
[BlackElo "2424"]
[WhiteFideId "224715"]
[BlackFideId "24651516"]
[EventDate "2012.08.02"]

1. e4 e6 2. d4 d5 3. Nd2 Nf6 4. e5 Nfd7 5. f4 c5 6. c3 Nc6 7. Ndf3 Qb6 8. a3 Be7
9. g3 cxd4 10. cxd4 Na5 11. Ne2 Nb3 12. Ra2 Nxc1 13. Nxc1 a5 14. Bd3 Nb8 15. Kf1
Bd7 16. b3 a4 17. b4 Bb5 18. Bxb5+ Qxb5+ 19. Qd3 Qxd3+ 20. Nxd3 Nc6 21. Ke2 Na7
22. Rc1 Nb5 23. Nb2 Kd7 24. Kd3 h6 25. Ng1 g5 26. Nd1 gxf4 27. gxf4 Rhg8 28. Ne3
Rac8 29. Rxc8 Rxc8 30. Ne2 f5 31. Nd1 Nc7 32. Nec3 b5 33. Rg2 Rb8 34. Ne3 Bf8
35. Rg6 Ke7 36. Rg2 Kf7 37. Rc2 Rb7 38. Rg2 Be7 39. Ned1 Na6 40. Rb2 Bh4 41. Re2
Be7 1/2-1/2

[Event "51st World Juniors"]
[Site "Athens GRE"]
[Date "2012.08.02"]
[Round "1.41"]
[White "Dimitrov, Radoslav"]
[Black "Caetano, Hugo Zanotti Mendonca"]
[Result "1/2-1/2"]
[WhiteTitle "IM"]
[WhiteElo "2424"]
[BlackElo "2109"]
[WhiteFideId "2908549"]
[BlackFideId "2119420"]
[EventDate "2012.08.02"]

1. Nf3 Nf6 2. c4 e6 3. g3 d5 4. Bg2 Be7 5. O-O O-O 6. b3 c5 7. Bb2 Nc6 8. cxd5
Nxd5 9. Nc3 Bf6 10. Qc1 b6 11. Nxd5 exd5 12. d4 Nxd4 13. Nxd4 cxd4 14. Qf4 Ba6
15. Bxd4 Bxd4 16. Qxd4 Bxe2 17. Rfe1 Ba6 18. Qxd5 Qxd5 19. Bxd5 Rad8 20. Rad1
Rd7 21. Be4 Rc7 22. Rc1 Rd7 23. Bf5 Rd5 24. Bg4 Rd4 25. Bf3 Rd7 26. Bg4 f5 27.
Bf3 Bb7 28. Bxb7 Rxb7 29. Rc4 Rd7 30. Rec1 Rfd8 31. Rc8 Rxc8 32. Rxc8+ Kf7 33.
Kg2 g6 34. h4 Kf6 35. Rc6+ Ke5 36. a4 Kd5 37. Rc8 Ke5 38. b4 Rd4 39. Rc7 Rxb4
40. Rxa7 h5 41. Ra6 Ke4 42. a5 bxa5 43. Rxg6 a4 44. Ra6 Kd3 45. Ra5 Kc2 46. Rxf5
a3 47. Rxh5 Ra4 48. Rc5+ Kd2 49. Rd5+ Kc2 50. Re5 a2 51. Re1 a1=Q 52. Rxa1 Rxa1
53. h5 Kd3 54. Kf3 Kd4 55. Kf4 Kd5 56. Kf5 Ra3 57. h6 Rf3+ 58. Kg6 Rxf2 59. g4
Ke5 60. g5 Kf4 61. h7 Rh2 62. Kg7 Kxg5 63. h8=Q Rxh8 64. Kxh8 1/2-1/2

[Event "51st World Juniors"]
[Site "Athens GRE"]
[Date "2012.08.02"]
[Round "1.42"]
[White "Kourkoulos-Arditis, Stamatis"]
[Black "Firat, Burak"]
[Result "0-1"]
[BlackTitle "IM"]
[WhiteElo "2109"]
[BlackElo "2423"]
[WhiteFideId "4221990"]
[BlackFideId "6305881"]
[EventDate "2012.08.02"]

1. e4 e6 2. d4 d5 3. Nc3 Bb4 4. e5 c5 5. Bd2 Ne7 6. Nb5 Bxd2+ 7. Qxd2 O-O 8.
dxc5 Nbc6 9. f4 b6 10. cxb6 Qxb6 11. c3 Rb8 12. O-O-O Bd7 13. Nd6 f6 14. exf6
Rxf6 15. Bb5 Qc5 16. Bxc6 Bxc6 0-1

[Event "51st World Juniors"]
[Site "Athens GRE"]
[Date "2012.08.02"]
[Round "1.43"]
[White "Wei, Yi"]
[Black "Kvaratskhelia, Dimitri"]
[Result "1-0"]
[WhiteTitle "FM"]
[WhiteElo "2418"]
[BlackElo "2093"]
[WhiteFideId "8603405"]
[BlackFideId "13604295"]
[EventDate "2012.08.02"]

1. e4 c5 2. Nf3 e6 3. d4 cxd4 4. Nxd4 a6 5. Bd3 Nc6 6. Nxc6 dxc6 7. Be3 e5 8.
Nd2 Bd6 9. a4 Nf6 10. a5 Be6 11. O-O O-O 12. Qe2 Ng4 13. Bb6 Bc7 14. Bc5 Bd6 15.
Bb6 Bc7 16. Bxc7 Qxc7 17. Bc4 Qe7 18. Bxe6 Qxe6 19. Nb3 Nf6 20. Nc5 Qe7 21. Qc4
Rfd8 22. Rfd1 Ne8 23. Qb4 Nd6 24. c3 Qc7 25. Qb6 Qxb6 26. axb6 Kf8 27. b3 Ke7
28. c4 f6 29. f3 Nf7 30. Nxb7 Rxd1+ 31. Rxd1 Rb8 32. Na5 Rxb6 33. c5 Rb5 34.
Nxc6+ Ke8 35. b4 a5 36. Nxa5 Rxb4 37. c6 Rb2 38. Rc1 Nd6 39. Rd1 Nf7 40. Rd7 Rc2
41. Rc7 g5 42. Nb7 h5 43. g4 h4 44. h3 f5 45. exf5 e4 46. f6 Rc1+ 47. Kf2 1-0

[Event "51st World Juniors"]
[Site "Athens GRE"]
[Date "2012.08.02"]
[Round "1.44"]
[White "Vandevenne, Sander"]
[Black "Ghosh, Diptayan"]
[Result "0-1"]
[BlackTitle "FM"]
[WhiteElo "2083"]
[BlackElo "2417"]
[WhiteFideId "223000"]
[BlackFideId "5045207"]
[EventDate "2012.08.02"]

1. e4 e5 2. Nf3 Nc6 3. Bc4 Nf6 4. d3 Be7 5. c3 O-O 6. Bb3 d6 7. Nbd2 Na5 8. Bc2
c5 9. d4 cxd4 10. cxd4 exd4 11. Nxd4 Bg4 12. f3 Bd7 13. O-O Rc8 14. Kh1 Qb6 15.
N2b3 Nc4 16. Bd3 d5 17. Rb1 dxe4 18. fxe4 Rfd8 19. h3 Ne5 20. Be3 Nxd3 21. Qxd3
Qb4 22. Bd2 Qc4 23. Qf3 Be6 24. Bc3 Qa6 25. Nxe6 Qxe6 26. Rbe1 Nd7 27. Nd4 Qg6
28. e5 Nc5 29. Nf5 Bf8 30. Rd1 Qe6 31. Nd4 Qe8 32. Qg4 g6 33. Rd2 Bg7 34. Nf3
Rxd2 35. Nxd2 Qd7 36. Qe2 Na4 37. Bb4 Qd5 38. b3 a5 39. Bd6 Rc2 40. bxa4 Rxd2
41. Qg4 h5 42. Qg3 Rxa2 43. Rf2 Rxf2 44. Qxf2 Bxe5 45. Bxe5 Qxe5 46. Qf1 Qe8 47.
Qc4 Qc6 48. Qd4 b5 49. Qd8+ Kh7 50. Qxa5 bxa4 51. Qa7 Qc1+ 52. Kh2 Qf4+ 53. Kg1
Qc4 0-1

[Event "51st World Juniors"]
[Site "Athens GRE"]
[Date "2012.08.02"]
[Round "1.45"]
[White "Galopoulos, Nikolaos"]
[Black "Vaicekauskas, Gytis"]
[Result "0-1"]
[WhiteElo "2402"]
[BlackElo "2079"]
[WhiteFideId "4208951"]
[BlackFideId "12805459"]
[EventDate "2012.08.02"]

1. c4 c5 2. Nf3 Nf6 3. d4 cxd4 4. Nxd4 b6 5. f3 Bb7 6. e4 d6 7. Nc3 e6 8. Be3 a6
9. Be2 Be7 10. O-O Nbd7 11. a4 O-O 12. a5 bxa5 13. Nb3 Rb8 14. Nxa5 Ba8 15. Qd2
Qc7 16. Rfc1 Rfc8 17. Bf1 Nb6 18. b4 Nfd7 19. Nd1 Rd8 20. Nb3 Ne5 21. Nb2 Qb7
22. Qf2 Nbd7 23. b5 Qc8 24. Rxa6 Bb7 25. Ra2 Qc7 26. Bd2 Re8 27. Ba5 Qc8 28. Bc3
Bf6 29. Bd4 Qd8 30. Ra7 Qe7 31. Na5 Nxf3+ 32. gxf3 Bxd4 33. Qxd4 Qg5+ 34. Kf2
Qxc1 35. Nxb7 e5 36. Qxd6 Qxb2+ 37. Be2 Nf6 38. Qd3 Nh5 39. Qe3 Nf4 40. c5 Ra8
41. Ra5 Rxa5 42. Nxa5 Rd8 43. Nc4 Qxb5 44. Nd6 Qb2 0-1